So You Want to Franchise Your Business : (Record no. 594069)

MARC details
000 -LEADER
fixed length control field 00504nam a2200193 a 4500
008 - FIXED-LENGTH DATA ELEMENTS--GENERAL INFORMATION
fixed length control field 251026s2008##################000#0#eng##
020 ## - INTERNATIONAL STANDARD BOOK NUMBER
ISBN 9781599181899
082 04 - DEWEY DECIMAL CLASSIFICATION NUMBER
Classification number 658.8708
Item number KES
100 1# - MAIN ENTRY--AUTHOR NAME
Personal name Kestenbaum, Harold,
245 10 - TITLE STATEMENT
Title So You Want to Franchise Your Business :
260 ## - PUBLICATION, DISTRIBUTION, ETC. (IMPRINT)
Name of publisher Entrepreneur Press,
Year of publication 2008.
300 ## - PHYSICAL DESCRIPTION
Number of Pages 250 pages
650 #0 - SUBJECT ADDED ENTRY--TOPICAL TERM
Topical Term Business & Economics.
942 ## - ADDED ENTRY ELEMENTS (KOHA)
Koha item type English Books
Holdings
Withdrawn status Lost status Damaged status Not for loan Home library Current library Shelving location Date acquired Full call number Accession Number Price effective from Koha item type
        Anna Centenary Library Anna Centenary Library 6TH FLOOR, B WING 26.10.2025 658.8708 KES 407713 26.10.2025 English Books

Find us on the map